Movies Quiz

Random Movies or Clickable Quiz

Tom Hanks Characters - Clickable Quiz Stats

Quiz not verified by Sporcle

Challenge
Share
Tweet
Embed
Score 0/25 Timer 03:00
0 Plays Today
% Correct
Forrest Gump
98.5%
Woody
97%
Charlie Wilson
93.1%
Jim Lovell
90.5%
Captain John Miller
88.3%
Robert Langdon
87.5%
Larry Crowne
86.2%
Jimmy Dugan
83.4%
Viktor Navorski
82.9%
Andrew Beckett
80.3%
Carl Hanratty
80.1%
Josh Baskin
78.6%
Michael Sullivan
76.2%
% Correct
Joe Banks
76.2%
Joe Fox
75.8%
Chuck Noland
75.8%
Paul Edgecomb
73%
Scott Turner
70.2%
Sam Baldwin
69.8%
Walter Fielding Jr.
69.1%
Allen Bauer
65.4%
Thomas Schell Jr.
61.3%
Ray Peterson
56.6%
Pep Streebeck
54.2%
Prof GH Dorr
49.2%

You're not logged in!

Compare scores with friends on all Sporcle quizzes.
Join for Free
OR
Log In

You Might Also Like...

Show Comments

Extras

Top Quizzes Today


Score Distribution

Your Account Isn't Verified!

In order to create a playlist on Sporcle, you need to verify the email address you used during registration. Go to your Sporcle Settings to finish the process.

Report this User

Report this user for behavior that violates our Community Guidelines.

Details: